Library of the University of Algiers 3
Ibrahim Sultan Cheibout
شعار جامعة الجزائر 3
مكتبة جامعة الجزائر 3
إبراهيم سلطان شيبوط

استراتيجيات التنمية الافريقية في ظل الليبرالية الجديدة : (رقم التسجيلة. 46061)

تفاصيل مارك
000 -LEADER
fixed length control field 01747nam a2200253Ia 4500
003 - CONTROL NUMBER IDENTIFIER
control field Ost
005 - DATE AND TIME OF LATEST TRANSACTION
control field 20260507075733.0
008 - FIXED-LENGTH DATA ELEMENTS--GENERAL INFORMATION
fixed length control field 260507s9999||||xx |||||||||||||| ||und||
020 ## - INTERNATIONAL STANDARD BOOK NUMBER
International Standard Book Number 9772237865
040 ## - CATALOGING SOURCE
Transcribing agency fsecg
041 ## - LANGUAGE CODE
Language code of text/sound track or separate title ara
082 ## - DEWEY DECIMAL CLASSIFICATION NUMBER
Classification number 330
100 ## - MAIN ENTRY--PERSONAL NAME
Personal name المنوفي، كمال
Relator term مؤلف
245 #0 - TITLE STATEMENT
Title استراتيجيات التنمية الافريقية في ظل الليبرالية الجديدة :
Remainder of title آفاق الشراكة الجديدة من أجل التنمية في افريقيا /
Statement of responsibility, etc. كمال المنوفي
260 ## - PUBLICATION, DISTRIBUTION, ETC.
Place of publication, distribution, etc. القاهرة:
Name of publisher, distributor, etc. مركز دراسات وبحوث الدول النامية,
Date of publication, distribution, etc. 2003
300 ## - PHYSICAL DESCRIPTION
Extent 228 صفحة؛
Other physical details إيضاحات ؛
Dimensions 24 سم
504 ## - BIBLIOGRAPHY, ETC. NOTE
Bibliography, etc. note الهوامش ص.217 إصدارات المركز ص.225
520 ## - SUMMARY, ETC.
Summary, etc. إدارة التنمية الافريقية،التحدي الكامن في الشراكة الجديدة لتنمية افريقيا،نيباد واستراتيجية التنمية الافريقية عرض نقدي لبعض القضايا الرئيسية،الموارد البشرية والتنمية الافريقية ومبادرة نيباد،الإتحاد الأوروبي ودعم التنمية الافريقية في ظل اتفاقية كوتونو ومبادرة النيباد،التعاون العربي الافريقي من أجل التنمية في أفريقيا،أوروبا ودعم التنمية في افريقيا،دراسة في الموقف الأوروبي تجاه الأبعاد السياسية للتنمية الإفريقية
653 ## - INDEX TERM--UNCONTROLLED
Uncontrolled term إفريقيا
653 ## - INDEX TERM--UNCONTROLLED
Uncontrolled term التنمية
653 ## - INDEX TERM--UNCONTROLLED
Uncontrolled term الليبرالية
700 ## - ADDED ENTRY--PERSONAL NAME
Personal name مصطفى، كامل السيد
Relator term مؤلف ثانوي
942 ## - ADDED ENTRY ELEMENTS (KOHA)
Koha item type كتب
المقتنيات
Withdrawn status Lost status Source of classification or shelving scheme Damaged status Not for loan Home library Current library Date acquired Serial enumeration / chronology Inventory number Total checkouts Full call number Barcode Date last seen Price effective from Koha item type
    Library of Congress Classification   NOT LOAN / إعارة داخلية مكتبة كلية العلوم الإقتصادية والعلوم التجارية وعلوم التسيير مكتبة كلية العلوم الإقتصادية والعلوم التجارية وعلوم التسيير 07/05/2026 الطابق الأرضي 1208/1   أ/1208ن1 1208/1 07/05/2026 07/05/2026 كتب
    Dewey Decimal Classification   Available مكتبة كلية العلوم الإقتصادية والعلوم التجارية وعلوم التسيير مكتبة كلية العلوم الإقتصادية والعلوم التجارية وعلوم التسيير 07/05/2026 الطابق الأرضي 1208/2   أ/1208ن2 1208/2 07/05/2026 07/05/2026 كتب
    Dewey Decimal Classification   Available مكتبة كلية العلوم الإقتصادية والعلوم التجارية وعلوم التسيير مكتبة كلية العلوم الإقتصادية والعلوم التجارية وعلوم التسيير 07/05/2026 الطابق الأرضي 1208/3   أ/1208ن3 1208/3 07/05/2026 07/05/2026 كتب
    Dewey Decimal Classification   Available مكتبة كلية العلوم الإقتصادية والعلوم التجارية وعلوم التسيير مكتبة كلية العلوم الإقتصادية والعلوم التجارية وعلوم التسيير 07/05/2026 الطابق الأرضي 1208/4   أ/1208ن4 1208/4 07/05/2026 07/05/2026 كتب
    Dewey Decimal Classification   Available مكتبة كلية العلوم الإقتصادية والعلوم التجارية وعلوم التسيير مكتبة كلية العلوم الإقتصادية والعلوم التجارية وعلوم التسيير 07/05/2026 الطابق الأرضي 1208/5   أ/1208ن5 1208/5 07/05/2026 07/05/2026 كتب
    Dewey Decimal Classification   Available مكتبة كلية العلوم الإقتصادية والعلوم التجارية وعلوم التسيير مكتبة كلية العلوم الإقتصادية والعلوم التجارية وعلوم التسيير 07/05/2026 الطابق الثاني 1208/6   أ/1208ن6 1208/6 07/05/2026 07/05/2026 كتب
    Dewey Decimal Classification   Available مكتبة كلية العلوم الإقتصادية والعلوم التجارية وعلوم التسيير مكتبة كلية العلوم الإقتصادية والعلوم التجارية وعلوم التسيير 07/05/2026 الطابق الثاني 1208/7   أ/1208ن7 1208/7 07/05/2026 07/05/2026 كتب
    Dewey Decimal Classification   Available مكتبة كلية العلوم الإقتصادية والعلوم التجارية وعلوم التسيير مكتبة كلية العلوم الإقتصادية والعلوم التجارية وعلوم التسيير 07/05/2026 الطابق الثاني 1208/8   أ/1208ن8 1208/8 07/05/2026 07/05/2026 كتب

موارد الويب المفتوحة


© University of Algiers 3 All Rights Reserved
|
Implemented by LECHELAH Riad